000
00226nam a2200109Ia 4500
008
190216s9999||||xx |||||||||||||| ||und||
100
_a
Siviyan
245
0
_a
Karshaka Mithram
260
_b
Null
650
_a
Botany
942
_c
BK
999
_c
1352
_d
1352